Tu la love- JUL - Statistiques

Statistiques générales
  • Ce quiz a été pris 1 087 fois
  • Le résultat moyen est 267 sur 358
Statistiques - réponses
Paroles % Correct
Tu
99%
tu
99%
à
96%
a
96%
elle"
95%
Elle
95%
elle
95%
elle,
95%
de
94%
la
94%
le
93%
pas
93%
fait
92%
amoureux
91%
les
91%
Les
91%
t'a
91%
ta
91%
pour
90%
Pour
90%
"t'es
90%
Tes
90%
tes
90%
t'es
90%
ton
90%
d'elle,
88%
d'elle
88%
fais
87%
love,
87%
love
87%
mais
87%
Mais
87%
au
86%
dit
86%
dit"
86%
tel
86%
T'étais
86%
ca
85%
ca,
85%
gens
84%
qui
84%
Qui
84%
bordel
83%
bordel,
83%
ce
83%
en
82%
répond
82%
Et
81%
et
81%
trop
81%
plomb,
80%
sur
80%
Sur
80%
va
80%
est
79%
mec
79%
qu'elle
79%
qu'elle,
79%
sa
79%
c'est
78%
C'est
78%
piste
78%
t'ont
78%
meurs
77%
pètes
77%
tout
77%
cousine
76%
profite
76%
tape,
76%
chez
75%
croire
75%
"on
75%
potes
75%
t'en
74%
vite
74%
autour
73%
des
73%
Des
73%
dos
73%
un
73%
Oui,
72%
son
72%
Talons,
72%
l'hôtel
71%
l'hôtel,
71%
monde
71%
tous
71%
400
70%
coups
70%
coups,
70%
dans
70%
Faut
70%
faut
70%
accro
69%
Car
69%
Fin
69%
joue,
69%
kiss
69%
faire
68%
Ibis
68%
lui
68%
tête,
68%
tête
68%
t'fait
68%
vois
68%
vois,
68%
drogue,
67%
plus
67%
Champagne,
66%
Comme
66%
comme
66%
finir
66%
fort
66%
Si
66%
toi,
66%
toi
66%
moto
65%
Rimmel,
65%
tourner
65%
même
64%
pris
64%
quoi
64%
devant
63%
fasse,
63%
peut
63%
écouté
62%
Qu'à
62%
charger
61%
honte
61%
l'monde
61%
regardes
61%
buvette,
60%
con
60%
gentil
60%
potos
60%
soirée
60%
vu
60%
photo
59%
rebelle
59%
s'est
59%
Ils
58%
moi
58%
moi,
58%
Moi
58%
peux
58%
bonne
57%
je
57%
vraiment
57%
quand
56%
s'passe
56%
l'ont
55%
T'as
55%
autre,
54%
une
54%
choisir
53%
crois
53%
problèmes,
53%
vas
53%
100%
52%
baisses
52%
qu'il
52%
sens
52%
déconner
50%
étais
49%
N'ecoutes
49%
ont
49%
cette
48%
Elles
48%
filles
47%
fond
47%
toutes
47%
veulent
47%
beaucoup,
46%
connais
46%
encore
46%
suis
46%
touché
46%
juste
45%
par
45%
y'en
45%
prit
44%
Ici,
43%
journée
43%
pigeonner
43%
rien
43%
avec
42%
faudra
42%
fourrer
42%
j'les
42%
tonnes
42%
heure-ci
40%
restes
40%
t'étonnes
40%
T'y
39%
400e
37%
bourge
37%
qu'tu
37%
chômer
36%
Nan
36%
paies
36%
s'les
36%
conseils,
35%
P'tit
33%
trimbaler
31%
money
24%
d'la
21%
REFRAIN
2%
Aucun quiz correspondant
Distribution des résultats
% des personnes avec chaque résultat
Percentile par nombre de réponses
Votre historique - résultats
Vous n’avez pas pris ce quiz